Five Biggest Countries by Flag Color - Statistics

General Stats
  • This quiz has been taken 2,875 times
  • The average score is 18 of 26
Answer Stats
Color(s) Country % Correct
Red, White, Blue United States
97%
Red, Yellow China
96%
Red, White, Blue Russia
96%
Red, White Canada
93%
Blue, Orange, Green India
93%
White, Blue, Green, Yellow Brazil
92%
Red, White, Blue Australia
87%
Green Algeria
76%
Green Mexico
76%
Yellow DR Congo
75%
Black, Pan-African South Africa
74%
Green Saudi Arabia
71%
Orange Niger
70%
Yellow Kazakhstan
69%
Black Egypt
65%
Black Libya
63%
Black Sudan
63%
Yellow Mongolia
57%
Pan-African Ethiopia
53%
Pan-African Mali
53%
Black Angola
51%
Orange Ireland
46%
Orange Ivory Coast
40%
Pan-African Namibia
40%
Pan-African Mozambique
39%
Orange Zambia
29%
No matching quizzes found
Score Distribution
Percent of People with Each Score
Percentile by Number Answered
Your Score History
You have not taken this quiz